000 01024nam a22002291a 4500
001 77721
003 BD-RjUL
005 20211209083020.0
008 210103s1916 i ||||| l||| 00| 0 eng d
035 _a(BD-RjUL)77947
040 _aBD-RjUL
_beng
_cBD-RjUL
_dBD-RjUL
041 _aben
082 _223
_a345.052
_bLAK 1916
245 1 _aকনস্টেবল ম্যানুয়াল /
_b(কলিকাতা-পুলিশ ও বেঙ্গল)
_cএস.কে. লাহিড়ী
250 _a৬ষ্ট সংস্করণ
260 _aকলিকাতাঃ
_bল, বূক ,
_c১৯১৬
300 _a৪৩ পৃ. ঃ
_bচিত্র ;
_c১৮ সেমি.
650 _aকনস্টেবল ম্যানুয়াল
_vহ্যান্ড বুক ম্যানুয়াল
_zকলকাতা
_9243151
650 _aPolice
_v Handbooks, manuals, et
_zIndia
_9243152
650 _aPolice regulations
_v Handbooks, manuals, etc.
_y20th century
_9243153
942 _2ddc
_cBK
999 _c77721
_d77721